000 01087nam a22002297a 4500
005 20210325191743.0
008 s2540 th tha d
041 _atha
090 _aว HV5824.W67 บ572ก 2540
100 0 _aบุญศรี พรหมมาพันธุ์
245 1 0 _aการศึกษาปัญหาสารเสพติดในกลุ่มผู้ใช้แรงงานก่อสร้าง
260 3 _aม.ป.ท. :
_bม.ป.พ.,
_c2540
300 _a65 หน้า :
_b ตาราง ;
_c 29 ซม.
650 0 4 _aการติดยาเสพติด -- กรรมกร -- วิจัย
650 0 4 _aการติดยาเสพติด -- วิจัย
650 0 4 _aการติดยาเสพติด -- แรงงานก่อสร้าง -- วิจัย
700 0 _aบุญศรี พรหมมาพันธุ์
850 _aNALT
942 _cRSH
997 _c000000000029445
_kVC
998 _aนางสาวสายฝน ดีงาม
999 _c29445
_d29445